000 00675nam a22002417a 4500
001 BR0200948
003 BR-BrBNA
005 20230928101012.0
007 ta
008 230509b bl.||||| |||| 00| 0 por d
040 _aBR-BrBNA
_bpor
_cBiblioteca Nacional de Agricultura
041 _a(Por)
072 _aE14
090 _ E14 BR0200948
110 1 _aSecretaria Nacional de Defesa Agropecuaria, Brasilia, DF (Brasil)
_99180
245 1 _aPlano estrategico inicial
260 3 _aBrasilia, DF (Brasil):
_c1998.
300 _a64 p.
650 _aDesenvolvimento Agricola
650 _aPlanejamento Estrategico
909 _a202309
_bLucia
_c55
_dLucia Elande
942 _cBK
999 _c63817
_d63817